MARC

LEADER 00000nam a2200000 a 4500
001 29187
003 AGDB
005 20260324181542.0
008 251223b spa||||| |||| 00| 0 cat d
040 |a agdb  |b cat 
041 |a Francès 
245 |a Exposition :   |b Joan Junyer  |h (targeta) 
260 |a Paris :  |b Galerie Druet,  |c 1935 
300 |a targeta ;  |c 11 x 14 cm 
500 |a Prové del fons Joan Junyer i Pascual (1909-1994) 
500 |a Targeta d'invitació a la inauguració de l'exposició celebrada a la Galerie Druet, París, del 7 al 20 de desembre de 1935 
500 |a 2 exemplars idèntics 
600 0 |a  Junyer, Joan,   |d 1904-1994   |v Exposicions  |9 72867 
650 |a Fons Joan Junyer i Pascual (1909-1994)  |9 72777 
650 0 |a Art  |x Exposicions   |2 Arxiu  |9 43798 
655 0 |a Targetes postals  |9 52685 
700 |a Junyer, Joan,  |d 1904-1994  |9 53028 
710 |a Galerie Druet (París, França)  |e institució d'acollida  |9 72914 
942 |2 udc  |c ARXIU  |n 1 
952 |0 0  |1 0  |2 udc  |4 0  |6 F504279  |7 1  |9 98868  |a Arxiu  |b Arxiu  |d 2025-12-23  |l 0  |o F-504-279  |p 29187  |r 2025-12-23 13:56:39  |w 2025-12-23  |y ARXIU 
999 |c 130536  |d 130536